浙江户籍人口最多的20个县级行政区 20 most populous county-level regions in Zhejiang - Statistics

General Stats
  • This quiz has been taken 57 times
  • The average score is 17 of 20
Answer Stats
户籍人口/万 地市与排名 县区 % Correct
137 杭州1* 萧山区
100%
79 杭州3 西湖区
96%
132 温州1 乐清市
94%
122 台州1 温岭市
94%
106 宁波1 慈溪市
94%
85 金华1 义乌市
94%
108 绍兴1 诸暨市
92%
122 杭州2* 余杭区
88%
97 温州4 苍南县
88%
83 宁波3 余姚市
88%
96 宁波2 鄞州区
84%
85 金华2 东阳市
84%
79 温州6 鹿城区
82%
72 绍兴4 嵊州市
82%
126 温州2 瑞安市
80%
78 绍兴2 上虞区
78%
120 台州2 临海市
76%
99 温州3 永嘉县
73%
77 绍兴3 越城区
71%
88 温州5 平阳县
65%
No matching quizzes found
Score Distribution
Percent of People with Each Score
Percentile by Number Answered
Your Score History
You have not taken this quiz